000 00572nam a22002177a 4500
005 20220712163031.0
008 220712b ||||| |||| 00| 0 eng d
020 _a186197017X
040 _cAL
041 _aEnglish
082 _223
_a332
_bHINP
100 _aTim Hindle
_948474
245 _aPocket Finance
260 _aLondon
_bProfile Books Ltd
_c1997
300 _avi,209 p.
_bHB
_c19.5x9.5 cm.
650 _aFinance
_948475
650 _aInternational finance
_948476
650 _aFinance Personal
_948477
700 _aHINDLE (Tim)
_948478
942 _2ddc
_cGF
999 _c223716
_d223716